000 01358cad a22002535a 4500
001 L153723
008 110822s2011 xxk f 000 0 eng d
020 _a9781842196953
035 _a(Sirsi) u153723
041 0 _aeng
050 0 4 _a333.72 $2 20
110 2 _aRoyal Institution of Chartered Surveyors
_94900
245 0 0 _aGuidance on negotiating options and leases for renewable energy schemes
_h[electronic resource]
250 _a1st ed
260 _aCoventry
_bRICS
_c2011
490 0 _aRICS Guidance Note
_v(GN 82/2011)
520 _aThis guidance note is intended for use within the UK and is essential reading for all RICS members who are asked to advise in relation to renewable energy schemes. Its aim is to provide a base level of guidance on the negotiation of options and leases for onshore renewable energy schemes and to prompt consideration of the issues to be taken into account by surveyors acting on behalf of landowners or developers in relation to potential schemes.
520 _aSuperseded by 2 ed ISBN 9781783213092
590 _aKA
651 4 _aUnited Kingdom
_y
690 _aENVIRONMENTAL AND LAND CONSULTANCY-ENERGY
856 4 0 _uhttps://www.rics.org/Global/Guidance_on_negotiating_options_and_leases_for_renewable_energy_schemes_1st_edition_PGguidance_2011.pdf
_z View online for free at www.rics.org
942 _n0
999 _c112671
_d112671